<?xml version="1.0" encoding="UTF-8"?>
<marc:record xmlns:marc="http://www.loc.gov/MARC21/slim">
   <marc:leader>00000nam a2200000 a 4500</marc:leader>
   <marc:datafield ind1="1" ind2=" " tag="100">
      <marc:subfield code="a">Lipps, Susanne</marc:subfield>
      <marc:subfield code="4">ctb</marc:subfield>
      <marc:subfield code="e">Mitwirkende/-r</marc:subfield>
   </marc:datafield>
   <marc:datafield ind1="1" ind2=" " tag="100">
      <marc:subfield code="a">Breda, Oliver</marc:subfield>
      <marc:subfield code="4">ctb</marc:subfield>
      <marc:subfield code="e">Mitwirkende/-r</marc:subfield>
   </marc:datafield>
   <marc:datafield ind1=" " ind2=" " tag="653">
      <marc:subfield code="a">Costa Blanca</marc:subfield>
   </marc:datafield>
   <marc:datafield ind1=" " ind2=" " tag="653">
      <marc:subfield code="a">Costa del Azahar</marc:subfield>
   </marc:datafield>
   <marc:datafield ind1=" " ind2=" " tag="653">
      <marc:subfield code="a">Spanien</marc:subfield>
   </marc:datafield>
   <marc:datafield ind1=" " ind2=" " tag="653">
      <marc:subfield code="a">Valencia</marc:subfield>
   </marc:datafield>
   <marc:datafield ind1=" " ind2=" " tag="653">
      <marc:subfield code="a">Reiseführer</marc:subfield>
   </marc:datafield>
   <marc:datafield ind1=" " ind2=" " tag="653">
      <marc:subfield code="a">Softcover / Reiseführer/Europa</marc:subfield>
   </marc:datafield>
   <marc:datafield ind1=" " ind2=" " tag="653">
      <marc:subfield code="a">Führer</marc:subfield>
   </marc:datafield>
   <marc:datafield ind1="0" ind2="0" tag="245">
      <marc:subfield code="a">Valencia, Costa Blanca</marc:subfield>
   </marc:datafield>
   <marc:datafield ind1="0" ind2="0" tag="245">
      <marc:subfield code="b">mit Extra-Karte</marc:subfield>
   </marc:datafield>
   <marc:datafield ind1="0" ind2="0" tag="245">
      <marc:subfield code="c">Susanne Lipps ; Oliver Breda</marc:subfield>
   </marc:datafield>
   <marc:datafield ind1=" " ind2="1" tag="264">
      <marc:subfield code="a">München</marc:subfield>
      <marc:subfield code="b">Travel-House-Media</marc:subfield>
      <marc:subfield code="c">2015</marc:subfield>
   </marc:datafield>
   <marc:datafield ind1="1" ind2=" " tag="490">
      <marc:subfield code="a">Merian live!</marc:subfield>
   </marc:datafield>
   <marc:datafield ind1=" " ind2=" " tag="250">
      <marc:subfield code="a">1. Aufl.</marc:subfield>
   </marc:datafield>
   <marc:datafield ind1="1" ind2=" " tag="520">
      <marc:subfield code="a">Angaben aus der Verlagsmeldung

Valencia und die Costa Blanca : MERIAN live! - Mit Extra-Karte zum Herausnehmen / von Oliver Breda, Susanne Lipps-Breda

Hier werden nicht nur kulinarische Trends gesetzt, die aufstrebende Metropole weiß auch mit Kunst, Architektur und als Wissenschaftsstadt zu beeindrucken. Wenn hier im März das originelle Fest der "Fallas" stattfindet, ist die nahe Costa Blanca noch verwaist. Im Hochsommer zieht es aufgrund des erträglichen Klimas viele Einheimische an die Strände von Benidorm und Calpe, Frühjahr und Herbst sind für Reisen in das vielfältige Hinterland perfekt.

Kompakt und übersichtlich bietet MERIAN live! alles Wissenswerte für einen gelungenen Aufenthalt in Valencia und an der Costa Blanca:
- MERIAN-TopTen: Die 10 wichtigsten Sehenswürdigkeiten auf einen Blick
- MERIAN-TopTen 360°: Umgebungskarten mit ausgewählten MERIAN-TopTen und umliegenden Kultur-,
Restaurant- und Shoppingadressen
- Mit 10 MERIAN-Tipps die weniger bekannten Seiten der Stadt entdecken
- FotoTipps für lohnenswerte Motive
- Fundierte Beschreibungen aller wichtigen Orte, Sehenswürdigkeiten und Museen von A bis Z
- Empfehlungen für Übernachten, Essen und Trinken, Einkaufen, Ausgehen sowie Tipps für den
umweltbewussten Urlaub
- Zahlreiche Ideen für abwechslungsreiches Reisen mit Kindern
- Mit praktischer Extra-Karte zum Herausnehmen
</marc:subfield>
   </marc:datafield>
   <marc:datafield ind1=" " ind2=" " tag="020">
      <marc:subfield code="a">9783834219640</marc:subfield>
      <marc:subfield code="9">9783834219640</marc:subfield>
   </marc:datafield>
   <marc:datafield ind1=" " ind2=" " tag="020">
      <marc:subfield code="a">3834219649</marc:subfield>
      <marc:subfield code="9">3834219649</marc:subfield>
   </marc:datafield>
   <marc:datafield ind1=" " ind2=" " tag="041">
      <marc:subfield code="a">ger</marc:subfield>
   </marc:datafield>
   <marc:datafield ind1=" " ind2=" " tag="300">
      <marc:subfield code="a">128 S.</marc:subfield>
   </marc:datafield>
</marc:record>
